• 首页
  • 本馆介绍
  • 公告通知
  • 最新文献
  • 馆藏检索
  • 电子资源
  • 读者导购
  • 参考咨询
  • 我的图书馆
  • 登录
  • 详细信息显示
  • 放入我的书架
  • 预约/预借图书
  • 作者相关作品
  • 分类相关作品
  • 丛书相关作品
  • 出版社相关作品

书目信息

  • 表格格式
  • 工作单格式
  • 卡片格式
题名:
米芾《蜀素帖》行书技法指南
    
 
作者: 司惠国 , 张爱军 主编
分册:  
出版信息: 北京   蓝天出版社  2012.04
页数: 126页
开本: 29cm
丛书名: 中国书法经典碑帖技法指南系列
单 册:
中图分类: J292.112.5
科图分类:
主题词: 行书--书法--中国--北宋 , 行书 , 书法
电子资源:
ISBN: 978-7-5094-0727-1
000 00990oam2 2200289 450
001 010700133791
005 20140609111120.78
010    @a978-7-5094-0727-1@dCNY22.00
100    @a20120702d2012 em y0chiy50 ea
101 0  @achi
102    @aCN@b110000
105    @aa z 000yy
106    @ar
200 1  @a米芾《蜀素帖》行书技法指南@9mi fu《shu su tie》xing shu ji fa zhi nan@f司惠国,张爱军主编
210    @a北京@c蓝天出版社@d2012.04
215    @a126页@c图@d29cm
225 2  @a中国书法经典碑帖技法指南系列
330    @a本书共分为基础技法、笔画技法、部首技法、结构技法、临帖技法共五部分,主要内容包括:基本姿势、执笔方法、用笔方法、用墨方法、行书特点、笔法运用等。
461  0 @12001 @a中国书法经典碑帖技法指南系列
606 0  @a行书@x书法@y中国@z北宋
606 0  @a行书
606 0  @a书法
690    @aJ292.112.5@v5
701  0 @a司惠国@9si hui guo@4主编
701  0 @a张爱军@9zhang ai jun@4主编
801  0 @aCN@bRENTIAN@c20120702
905    @b548214-16@dJ292.112.5@e523@f3
    
    米芾《蜀素帖》行书技法指南/司惠国,张爱军主编.-北京:蓝天出版社,2012.04
    126页:图;29cm.-(中国书法经典碑帖技法指南系列)
    
    
    ISBN 978-7-5094-0727-1:CNY22.00
    本书共分为基础技法、笔画技法、部首技法、结构技法、临帖技法共五部分,主要内容包括:基本姿势、执笔方法、用笔方法、用墨方法、行书特点、笔法运用等。
●
相关链接 在E读中查询图书 在五车中查询图书 在当当中查询图书 在豆瓣中查询图书


正题名:米芾《蜀素帖》行书技法指南     索取号:J292.112.5/523         预约/预借

序号 登录号 条形码 馆藏地/架位号 状态 备注
1 548214   205482146   第一样本阅览室/ [索取号:J292.112.5/523] 在馆    
2 548215   205482155   第一借阅区/ [索取号:J292.112.5/523] 在馆    
3 548216   205482164   第一借阅区/ [索取号:J292.112.5/523] 在馆    
唐山师范学院图书馆 欢迎您!
大连网信软件有限公司© 版权所有